| 000 | 01465nam2a22002531 4500 | ||
|---|---|---|---|
| 001 | RU\NLR\INFOCOMM5\1000385424 | ||
| 005 | 20250617132827.0 | ||
| 035 | _a(NLR Aleph) 002631277 | ||
| 090 |
_a3703171 _c3703171 |
||
| 100 | _a20040625d1982 |||y0rusy50 ca | ||
| 101 | 0 | _arus | |
| 102 | _aRU | ||
| 105 | _ay ||||||||| | ||
| 200 | 1 |
_aОсобенности организации сети культурно-бытового обслуживания сельского населения _fТ.Г. Бадалов |
|
| 210 |
_d1982 _aБ. м. |
||
| 461 | 0 |
_1001RU\NLR\INFOCOMM5\1000385395 _12001#$aПланировка и застройка сельских населенных мест$fГос. ком. по гражд. стр-ву и архитектуре при Госстрое СССР. Центр. науч.-техн. информации по гражд. стр-ву и архитектуре$v1982, Вып.6 _93702924 _cМ. _d1977-1982 _fГос. ком. по гражд. стр-ву и архитектуре при Госстрое СССР. Центр. науч.-техн. информации по гражд. стр-ву и архитектуре _tПланировка и застройка сельских населенных мест _v1982, Вып.6 |
|
| 700 | 1 |
_aБадалов _bТ.Г. _4070 |
|
| 801 | 1 |
_aRU _bInfoComm _c20040625 |
|
| 801 | 0 |
_aRU _bNLR _gPSBO |
|
| 852 |
_aNLR _jП31/381 |
||
| 942 | _cISSUE | ||
| 980 | _aNB | ||
| 980 | _aRUSPER | ||